=LDR 00000nam 2200000 4500 =001 INLIS000000000012206 =005 20130612103738 =008 ***********************************Ind** =035 ##$$0010-061300000012206 =041 ##$$a Ind =082 ##$$a 581.03 =090 ##$$a 581.03, Nai t =100 ##$$a Nalola, Paul B =245 ##$$a Tanaman Budidaya Indonesia : Nama serta Manfaatnya, B. Paul Nalola =260 ##$$a 1986 $b Bogor =300 ##$$a 220 hlm., Ilus, 21 cm =650 ##$$a Nama-nama Tanaman =850 ##$$a NBPNMAT